Vedecké práce Výskumného ústavu kukurice v Trnave 13

Na minha lista:
Detalhes bibliográficos
Formato: Livro
Idioma:eslovaco
Publicado em: Bratislava Príroda 1982
Colecção:Rastlinná výroba
Tags: Adicionar Tag
Sem tags, seja o primeiro a adicionar uma tag!

MARC

LEADER 00000nam a2200000 4500
001 c131153
005 20250702080207.8
041 0 |a slo 
044 |a SK 
245 1 0 |a Vedecké práce Výskumného ústavu kukurice v Trnave 13 
264 1 |a Bratislava  |b Príroda  |c 1982 
300 |a 126 s. 
490 1 |a Rastlinná výroba 
830 0 |a Rastlinná výroba